<?xml version="1.0" encoding="UTF-8"?>
<record
    xmlns:xsi="http://www.w3.org/2001/XMLSchema-instance"
    xsi:schemaLocation="http://www.loc.gov/MARC21/slim http://www.loc.gov/standards/marcxml/schema/MARC21slim.xsd"
    xmlns="http://www.loc.gov/MARC21/slim">

  <leader>03698nam a2200565Ia 4500</leader>
  <controlfield tag="001">4027</controlfield>
  <controlfield tag="008">241029s9999    xx            000 0 und d</controlfield>
  <datafield tag="010" ind1=" " ind2=" ">
    <subfield code="a">3779</subfield>
  </datafield>
  <datafield tag="041" ind1=" " ind2=" ">
    <subfield code="a">Espa&#xF1;ol</subfield>
  </datafield>
  <datafield tag="082" ind1=" " ind2=" ">
    <subfield code="a">UCSD MGP 0034 2013</subfield>
  </datafield>
  <datafield tag="245" ind1=" " ind2="0">
    <subfield code="a">Incidencia del proyecto educativo de centro, de la Escuela Rep&#xFA;blica de Panam&#xE1; en el clima escolar, Santo Domingo, a&#xF1;o 2012-2013</subfield>
  </datafield>
  <datafield tag="260" ind1=" " ind2=" ">
    <subfield code="a">Distrito Nacional</subfield>
  </datafield>
  <datafield tag="300" ind1=" " ind2=" ">
    <subfield code="a">83</subfield>
  </datafield>
  <datafield tag="520" ind1=" " ind2=" ">
    <subfield code="a">29</subfield>
  </datafield>
  <datafield tag="630" ind1=" " ind2=" ">
    <subfield code="a">Estrategia</subfield>
  </datafield>
  <datafield tag="630" ind1=" " ind2=" ">
    <subfield code="a">Incidencia</subfield>
  </datafield>
  <datafield tag="630" ind1=" " ind2=" ">
    <subfield code="a">Participaci&#xF3;n Comunitaria</subfield>
  </datafield>
  <datafield tag="630" ind1=" " ind2=" ">
    <subfield code="a">Proceso de Ense&#xF1;anza-Aprendizaje</subfield>
  </datafield>
  <datafield tag="650" ind1=" " ind2=" ">
    <subfield code="a">Administraci&#xF3;n de la Educaci&#xF3;n</subfield>
  </datafield>
  <datafield tag="690" ind1=" " ind2=" ">
    <subfield code="a">Elaborado</subfield>
  </datafield>
  <datafield tag="700" ind1=" " ind2=" ">
    <subfield code="e">asesor</subfield>
    <subfield code="a">Contreras,  Jos&#xE9; Alberto</subfield>
  </datafield>
  <datafield tag="700" ind1=" " ind2=" ">
    <subfield code="e">autor</subfield>
    <subfield code="a">Liz Ram&#xED;rez , Carlos Rafael</subfield>
  </datafield>
  <datafield tag="700" ind1=" " ind2=" ">
    <subfield code="e">autor</subfield>
    <subfield code="a">Bello Abad , Jos&#xE9; Miguel</subfield>
  </datafield>
  <datafield tag="901" ind1=" " ind2=" ">
    <subfield code="a">{"1":"Liz Ram&#xED;rez ","2":"Bello Abad "}</subfield>
    <subfield code="b">{"1":"Carlos Rafael","2":"Jos&#xE9; Miguel"}</subfield>
  </datafield>
  <datafield tag="902" ind1=" " ind2=" ">
    <subfield code="a">1</subfield>
  </datafield>
  <datafield tag="903" ind1=" " ind2=" ">
    <subfield code="a">{"1":"Contreras"}</subfield>
    <subfield code="b">{"1":" Jos&#xE9; Alberto"}</subfield>
  </datafield>
  <datafield tag="904" ind1=" " ind2=" ">
    <subfield code="a">Maestr&#xED;a en</subfield>
  </datafield>
  <datafield tag="905" ind1=" " ind2=" ">
    <subfield code="a">Planificaci&#xF3;n y Gesti&#xF3;n de Centros Educativos</subfield>
  </datafield>
  <datafield tag="906" ind1=" " ind2=" ">
    <subfield code="a">2</subfield>
  </datafield>
  <datafield tag="907" ind1=" " ind2=" ">
    <subfield code="a">NO APLICA</subfield>
  </datafield>
  <datafield tag="908" ind1=" " ind2=" ">
    <subfield code="a">NO APLICA</subfield>
  </datafield>
  <datafield tag="909" ind1=" " ind2=" ">
    <subfield code="a">Universidad Cat&#xF3;lica de Santo Domingo (UCSD)</subfield>
  </datafield>
  <datafield tag="910" ind1=" " ind2=" ">
    <subfield code="a">NULL</subfield>
    <subfield code="b">NULL</subfield>
  </datafield>
  <datafield tag="911" ind1=" " ind2=" ">
    <subfield code="a">["1"]</subfield>
  </datafield>
  <datafield tag="912" ind1=" " ind2=" ">
    <subfield code="a">NO APLICA</subfield>
  </datafield>
  <datafield tag="913" ind1=" " ind2=" ">
    <subfield code="a">NULL</subfield>
  </datafield>
  <datafield tag="914" ind1=" " ind2=" ">
    <subfield code="a">01 de Enero de 2013</subfield>
  </datafield>
  <datafield tag="915" ind1=" " ind2=" ">
    <subfield code="a">20/07/15 03:07</subfield>
  </datafield>
  <datafield tag="916" ind1=" " ind2=" ">
    <subfield code="a">NULL</subfield>
  </datafield>
  <datafield tag="917" ind1=" " ind2=" ">
    <subfield code="a">NULL</subfield>
  </datafield>
  <datafield tag="918" ind1=" " ind2=" ">
    <subfield code="a">NO APLICA</subfield>
  </datafield>
  <datafield tag="919" ind1=" " ind2=" ">
    <subfield code="a">["92","209","152","163"]</subfield>
  </datafield>
  <datafield tag="520" ind1=" " ind2=" ">
    <subfield code="a">El principal objetivo de esta investigaci&#xF3;n, consisti&#xF3; en analizar la incidencia de la carencia de construcci&#xF3;n y aplicaci&#xF3;n del Proyecto Educativo de Centro de la Escuela Rep&#xFA;blica de Panam&#xE1;, en el clima de trabajo escolar, Santo Domingo, a&#xF1;o 2012-2013.La investigaci&#xF3;n fue de tipo exploratorio y descriptivo. La poblaci&#xF3;n objeto de estudio fueron los estudiantes del Nivel B&#xE1;sico de la Escuela Rep&#xFA;blica de Panam&#xE1;, los cuales en total sumaron quinientos setenta y dos (572) estudiantes.&#xA0; Se tom&#xF3; como muestra,&#xA0; ciento ochenta y seis (186) estudiantes, de forma aleatoria.&#xA0; Los m&#xE9;todos utilizados fueron el m&#xE9;todo inductivo, la observaci&#xF3;n, el an&#xE1;lisis y la s&#xED;ntesis.&#xA0; Como t&#xE9;cnicas, se trabaj&#xF3; con cuestionarios de selecci&#xF3;n m&#xFA;ltiple de escala de rango y entrevistas. Los resultados arrojados por la investigaci&#xF3;n y los datos recolectados fueron: que existe un alto grado de confiabilidad de los tutores en el Centro Educativo.&#xA0; M&#xE1;s del 50% de los padres, entiende que en el plantel hay un gran sentido de responsabilidad de cara con la comunidad.&#xA0; Los estudiantes tienen un conocimiento regular de las normas.&#xA0; Seg&#xFA;n el sentir de los maestros, el equipo de gesti&#xF3;n y direcci&#xF3;n, tiene debilidades en lo referente a las necesidades pedag&#xF3;gicas.&#xA0; Entre otros datos relevantes, estuvo que el 63% de los padres, se involucra en las actividades de la escuela, donde tambi&#xE9;n se promueven los valores, mediante charlas talleres y realizan convivencias familiares.A ra&#xED;z de estos resultados la investigaci&#xF3;n recomienda, fortalecer los canales de participaci&#xF3;n que gu&#xED;en los procesos pedag&#xF3;gicos.&#xA0; Sobre la gesti&#xF3;n pedag&#xF3;gica se recomienda tambi&#xE9;n, canalizar cada a&#xF1;o escolar,&#xA0; talleres de formaci&#xF3;n y capacitaci&#xF3;n a maestros y para toda la comunidad educativa, para actualizar las competencias y los conocimientos de los docentes.&#xA0; Es importante trabajar y reforzar en los indicadores de logros por nivel o grado,&#xA0; para elevar la calidad educativa del centro y a la vez, fortalecer los conocimientos y la aplicaci&#xF3;n de las normas de la escuela.</subfield>
  </datafield>
  <datafield tag="921" ind1=" " ind2=" ">
    <subfield code="a">12</subfield>
  </datafield>
  <datafield tag="922" ind1=" " ind2=" ">
    <subfield code="a">12</subfield>
  </datafield>
  <datafield tag="923" ind1=" " ind2=" ">
    <subfield code="a">0</subfield>
  </datafield>
  <datafield tag="924" ind1=" " ind2=" ">
    <subfield code="a">NO APLICA</subfield>
  </datafield>
  <datafield tag="942" ind1=" " ind2=" ">
    <subfield code="c">Tesis</subfield>
  </datafield>
  <datafield tag="999" ind1=" " ind2=" ">
    <subfield code="c">3779</subfield>
    <subfield code="d">3779</subfield>
  </datafield>
</record>
